Colores de Valdivia: tres barrios de la Isla Teja
Spremljeno u:
| Glavni autori: | , , |
|---|---|
| Autor kompanije: | |
| Format: | Knjiga |
| Jezik: | španjolski |
| Izdano: |
Valdivia
Kultrún
2014
|
| Izdanje: | 1a. ed |
| Teme: | |
| Oznake: |
Dodaj oznaku
Bez oznaka, Budi prvi tko označuje ovaj zapis!
|
MARC
| LEADER | 00000cam a2200000 a 4500 | ||
|---|---|---|---|
| 001 | UCE6764 | ||
| 003 | CL-VaPUC | ||
| 008 | 150430e20140000cl |||||||||||||||||spa|d | ||
| 020 | |a 9789563440508 | ||
| 082 | 0 | 4 | |a 711.408352 |b COR |2 21 |
| 100 | 0 | |a Cordero Jahr, Elisa |e author |9 579369 | |
| 700 | 0 | |a Poblete Benner, Francisca |e author |9 579370 | |
| 700 | 0 | |a Egert Laporte, Marcia |e author |9 579371 | |
| 110 | 2 | |a Universidad Austral de Chile |e author |9 579372 | |
| 245 | 1 | 0 | |a Colores de Valdivia: tres barrios de la Isla Teja |
| 250 | |a 1a. ed | ||
| 300 | |a 93 p | ||
| 942 | |c BK | ||
| 945 | |d 20150430 00:23:00 |a arojas | ||
| 260 | |a Valdivia |b Kultrún |c 2014 | ||
| 650 | 0 | |a Arquitectura urbana |9 331978 | |
| 650 | 0 | |a Planificación urbana |9 258176 | |
| 650 | 0 | |a Barrios |9 518670 | |
| 650 | 0 | |a Colores |9 268982 | |
| 651 | 7 | |a ALBACETE |2 CL-VaPUC |9 443187 | |
| 651 | 0 | |a Valdivia (Chile) |9 268941 | |
| 583 | |a last modification |c 20150430 00:23:00 |k Rodrigo Vera | ||
| 999 | |c 358952 |d 358950 | ||
| 952 | |0 0 |1 0 |3 erb |4 0 |6 711_408352000000000_COR_2014 |7 0 |8 A |9 467929 |a BIBARQ |b BIBARQ |i 5148111 |o 711.408352 COR 2014 |p 5148111 |r 2025-01-20 |w 2019-11-23 |y BK |z Catalogado en:20150430 |k ARQ | ||
| 952 | |0 0 |1 0 |3 erb |4 0 |6 711_408352000000000_COR_2014 |7 0 |8 A |9 467930 |a BIBARQ |b BIBARQ |i 514812K |o 711.408352 COR 2014 |p 514812K |r 2025-01-20 |w 2019-11-23 |y BK |z Catalogado en:20150430 |k ARQ | ||